Citizenship values under the constitution : (Record no. 72568)

MARC details
000 -LEADER
fixed length control field 00957nam a22002537a 4500
005 - DATE AND TIME OF LATEST TRANSACTION
control field 2013010105085.0
008 - FIXED-LENGTH DATA ELEMENTS--GENERAL INFORMATION
fixed length control field 130101t xxu||||| |||| 00| 0 eng d
010 ## - LCCN (DPL NO)
LC control number ENG-106501
020 ## - INTERNATIONAL STANDARD BOOK NUMBER
International Standard Book Number 9788121211772
Terms of availability 675.00
035 ## - SYSTEM CONTROL NUMBER
System control number EN-90034
037 ## - SOURCE OF ACQUISITION
Source of stock number/acquisition DBAD/PUB
040 ## - CATALOGING SOURCE
Original cataloging agency DPL
Language of cataloging ENG
082 ## - DEWEY DECIMAL CLASSIFICATION NUMBER
Classification number 342.54085
100 ## - MAIN ENTRY--PERSONAL NAME
9 (RLIN) 54584
245 ## - TITLE STATEMENT
Title Citizenship values under the constitution :
Statement of responsibility, etc edited by Subhash C. Kashyap
Remainder of title operationalisation and teaching /
260 ## - PUBLICATION, DISTRIBUTION, ETC. (IMPRINT)
Place of publication, distribution, etc New Delhi
Name of publisher, distributor, etc Gyan Publishing House
Date of publication, distribution, etc 2013
270 ## - ADDRESS
Address 23, Main Ansari Road, Daryaganj
City New Delhi
Postal code 110002
300 ## - PHYSICAL DESCRIPTION
Extent 224p.
Dimensions 23cm(Hb)
500 ## - GENERAL NOTE
General note Includes bibliographical references and index
650 ## - SUBJECT ADDED ENTRY--TOPICAL TERM
9 (RLIN) 54585
700 ## - ADDED ENTRY--PERSONAL NAME
Personal name Kashyap, Subhash C.
9 (RLIN) 54599
942 ## - ADDED ENTRY ELEMENTS (KOHA)
Source of classification or shelving scheme Dewey Decimal Classification
Item type English Books
Call number suffix CIT
Classification part 342.54085
Holdings
Withdrawn status Lost status Source of classification or shelving scheme Damaged status Not for loan Collection code Home library Current library Date acquired Source of acquisition Cost, normal purchase price Total Checkouts Full call number Barcode Date last seen Copy number Cost, replacement price Koha item type
    Dewey Decimal Classification   Not For Loan Non-fiction D.B.Act.Division D.B.Act.Division 01/01/2013 DBAD/PUB 675.00   342.54085 CIT EN-90034 01/01/2013 1 675.00 English Books

© Delhi Public Library
Hit Counter
free hit counter